Les principaux postes d'émissions de CO2eq d'un français - Statistiques

Statistiques générales
  • Ce quiz a été pris 22 fois
  • Le résultat moyen est 4 sur 10
Statistiques - réponses
Hint Réponse Grande catégorie % Correct
2030 kg Voiture Déplacement
95%
920 kg Viande Nourriture
74%
430 kg Avion Déplacement
68%
1180 kg Gaz et fioul Logement
37%
530 kg Maison Logement
32%
440 kg Construction Logement
26%
450 kg Boisson Nourriture
21%
390 kg Laits et oeufs Nourriture
11%
300 kg Enseignement Dépenses publiques
5%
320 kg Loisirs Achats
5%
Aucun quiz correspondant
Distribution des résultats
% des personnes avec chaque résultat
Percentile par nombre de réponses
Votre historique - résultats
Vous n’avez pas pris ce quiz